The Battle Against Sexual Sin / (Record no. 212170)

MARC details
000 -LEADER
fixed length control field 00556nam a22001817a 4500
005 - DATE AND TIME OF LATEST TRANSACTION
control field 20260504171645.0
010 ## - LCCN (DPL NO)
LC control number ENG-148391
020 ## - INTERNATIONAL STANDARD BOOK NUMBER
International Standard Book Number 9788119524327
Terms of availability 599.00
035 ## - SYSTEM CONTROL NUMBER
System control number EN-131923
037 ## - SOURCE OF ACQUISITION
Source of stock number/acquisition DBAD/
082 ## - DEWEY DECIMAL CLASSIFICATION NUMBER
Classification number 306.70954
100 ## - MAIN ENTRY--PERSONAL NAME
Personal name Ozua Uchechukwu K
245 ## - TITLE STATEMENT
Title The Battle Against Sexual Sin /
Statement of responsibility, etc Uchechukwu K . Ozua
260 ## - PUBLICATION, DISTRIBUTION, ETC. (IMPRINT)
Place of publication, distribution, etc Kolkata
Name of publisher, distributor, etc Exceller Books
Date of publication, distribution, etc 2024
270 ## - ADDRESS
Address G 1, Dream Apartment, Degree College Road, Belgharia
City Kolkata
Postal code 700056
300 ## - PHYSICAL DESCRIPTION
Extent 212p.
Dimensions 21.5cm(pb)
942 ## - ADDED ENTRY ELEMENTS (KOHA)
Source of classification or shelving scheme Dewey Decimal Classification
Item type English Books
Classification part 306.70954
Call number suffix OZU
Holdings
Withdrawn status Lost status Not for loan Collection code Home library Current library Date acquired Source of acquisition Cost, normal purchase price Full call number Barcode Copy number Cost, replacement price Koha item type
      Non-fiction Sarojini Nagar Sarojini Nagar 04/05/2026 Delivery of Books Act Division 599.00 306.70954 OZU EN-131923 1 599.00 English Books

© Delhi Public Library
Hit Counter
free hit counter